00776naa#a2200181#i#4500001001600000005001700016011001400033100004100047102000700088200015300095210011900248215001000367608004500377675003200422700006400454700005200518856002400570RU\\bibl\12109620260602143714.2##a2073-0454##a20251015b2025####ek#y0rusy0150####ca##aRU1#aПроблема рисков деструктивного поведения старших школьниковeЖурнальная статья1#aМоскваcМосковский университет МВД России имени В.Я. Кикотяd2025##a9 с.##aЖурнальная статья2local##aПсихология. 159.9#1aГогиберидзеgГеоргий Меджидович#1aРеанgАртур Александрович4#amosumvd.editorum.ru